Явление электроиндуцированного селективного дрейфа аквакомплексов в растворах солей; Краткие сообщения по физике; № 7
| Parent link: | Краткие сообщения по физике/ Физический институт им. П.Н. Лебедева Российской Академии Наук.— , 2006 № 7.— 2006.— С. 23-31 |
|---|---|
| Hlavní autor: | |
| Další autoři: | , |
| Shrnutí: | Обнаружено явление электроиндуцированного селективного дрейфа аквакомплексов в водных растворах. Показано, что эффект обусловлен возбуждением вращательно-поступательного движения надмолекулярных образований (кластеров), которые формируются из полярных молекул воды вокруг центральных ионов растворенной соли. Предложена теоретическая модель, указывающая на существование критического значения величины электрического поля для образования молекулярных "мостиков", когда поле центрального иона уравновешивается противоположно направленным полем "мостика" выстроившихся диполей. Экспериментально продемонстрирован ориентированный дрейф сольватированных катионов Mg{2+} и Ca{2+} от потенциального к заземленному электроду с преимущественным возбуждением дрейфа катионов Mg{2+}:C[Mg]/C[Ca]=1,232/1,056. Предложенный метод может найти широкое применение для элементного, а также изотопического обогащения растворов солей. В фонде НТБ ТПУ отсутствует |
| Jazyk: | ruština |
| Vydáno: |
2006
|
| Témata: | |
| Médium: | MixedMaterials Kapitola |
| KOHA link: | https://koha.lib.tpu.ru/cgi-bin/koha/opac-detail.pl?biblionumber=595660 |
MARC
| LEADER | 00000naa0a2200000 4500 | ||
|---|---|---|---|
| 001 | 595660 | ||
| 005 | 20250303110634.0 | ||
| 035 | |a (RuTPU)RU\TPU\tpu\17205 | ||
| 090 | |a 595660 | ||
| 100 | |a 20100219d2006 k||y0rusy50 ca | ||
| 101 | 0 | |a rus | |
| 102 | |a RU | ||
| 200 | 1 | |a Явление электроиндуцированного селективного дрейфа аквакомплексов в растворах солей |f В. И. Бойко, М. А. Казарян , И. В. Шаманин | |
| 330 | |a Обнаружено явление электроиндуцированного селективного дрейфа аквакомплексов в водных растворах. Показано, что эффект обусловлен возбуждением вращательно-поступательного движения надмолекулярных образований (кластеров), которые формируются из полярных молекул воды вокруг центральных ионов растворенной соли. Предложена теоретическая модель, указывающая на существование критического значения величины электрического поля для образования молекулярных "мостиков", когда поле центрального иона уравновешивается противоположно направленным полем "мостика" выстроившихся диполей. Экспериментально продемонстрирован ориентированный дрейф сольватированных катионов Mg{2+} и Ca{2+} от потенциального к заземленному электроду с преимущественным возбуждением дрейфа катионов Mg{2+}:C[Mg]/C[Ca]=1,232/1,056. Предложенный метод может найти широкое применение для элементного, а также изотопического обогащения растворов солей. | ||
| 333 | |a В фонде НТБ ТПУ отсутствует | ||
| 461 | |t Краткие сообщения по физике |f Физический институт им. П.Н. Лебедева Российской Академии Наук |d 2006 | ||
| 463 | |t № 7 |v С. 23-31 |d 2006 | ||
| 610 | 1 | |a труды учёных ТПУ | |
| 700 | 1 | |a Бойко |b В. И. |c российский физик-ядерщик, доктор физико-математических наук |c профессор Томского политехнического университета |f 1943- |g Владимир Ильич |3 (RuTPU)RU\TPU\pers\21949 |4 070 | |
| 701 | 1 | |a Казарян |b М. А. |4 070 | |
| 701 | 1 | |a Шаманин |b И. В. |4 070 | |
| 801 | 1 | |a RU |b 63413507 |c 20100219 | |
| 801 | 2 | |a RU |b 63413507 |c 20100219 |g RCR | |
| 942 | |c CR | ||